Kierunki zmian we współczesnej rachunkowości

Uložené v:
Podrobná bibliografia
Ďalší autori: Gabrusewicz, Wiktor, Samelak, Janusz
Médium: Kniha
Jazyk:Polish
English
Vydavateľské údaje: Poznań Wydawnictwo Uniwersytetu Ekonomicznego w Poznaniu 2011
Edícia:Zeszyty naukowe 191
Predmet:
Tagy: Pridať tag
Žiadne tagy, Buďte prvý, kto otaguje tento záznam!

MARC

LEADER 00000nam a2200000 4500
001 0146320
005 20240109073631.0
020 |a 978-83-7417-604-0 
022 |a 1689-7374 
041 0 |a pol 
041 0 |a eng 
044 |a PL 
245 1 0 |a Kierunki zmian we współczesnej rachunkowości  |c redakcja naukowa Wiktor Gabrusewicz, Janusz Samelak 
264 1 |a Poznań  |b Wydawnictwo Uniwersytetu Ekonomicznego w Poznaniu  |c 2011 
300 |a 200 s. 
490 1 |a Zeszyty naukowe  |v 191 
830 0 |a Zeszyty naukowe  |v 191 
610 2 0 |a účtovníctvo 
610 2 0 |a trh finančný 
610 2 0 |a financie verejné 
610 2 0 |a banky 
610 2 0 |a benchmarking 
610 2 0 |a Poľsko 
700 1 |a Gabrusewicz, Wiktor 
700 1 |a Samelak, Janusz